Transferts de footballeurs les plus chers par position - Statistiques

Statistiques générales
  • Ce quiz a été pris 438 fois
  • Le résultat moyen est 11 sur 13
Statistiques - réponses
Position Montant de transfert (M €) Saison Nationalité Venant de Allant à Joueur % Correct
Ailier gauche 222,00 2017-2018 Brésil Barcelone Paris SG Neymar
97%
Avant-centre 180,00 2018-2019 France AS Monaco Paris SG Kylian Mbappé
96%
Arrière droit 68,00 2021-2022 Maroc Inter Borussia Dortmund Achraf Hakimi
93%
Ailier droit 135,00 2017-2018 France Borussia Dortmund Barcelone Ousmane Dembélé
93%
Défenseur central 87,00 2019-2020 Angleterre Leicester City Manchester United Harry Maguire
88%
Milieu offensif 135,00 2017-2018 Brésil Liverpool Barcelone Philippe Coutinho
88%
Milieu défensif 116,60 2023-2024 Angleterre West Ham United Arsenal Declan Rice
87%
Milieu central 121,00 2022-2023 Argentine Benfica Chelsea Enzo Fernández
87%
Arrière gauche 90,00 2023-2024 Croatie RB Leipzig Manchester City Josko Gvardiol
86%
Gardien de but 80,00 2018-2019 Espagne Athletic Chelsea Kepa Arrizabalaga
86%
Deuxième attaquant 41,00 2015-2016 Argentine Palermo Juventus Turin Paulo Dybala
77%
Milieu gauche 45,00 2001-2002 République tchèque Lazio Rome Juventus Turin Pavel Nedved
70%
Milieu droit 48,00 2001-2002 Espagne FC Valencia Lazio Rome Gaizka Mendieta
12%
Aucun quiz correspondant
Distribution des résultats
% des personnes avec chaque résultat
Percentile par nombre de réponses
Votre historique - résultats
Vous n’avez pas pris ce quiz